| 000 -LEADER |
| fixed length control field |
02277cam a22004218i 4500 |
| 001 - CONTROL NUMBER |
| control field |
21875306 |
| 003 - CONTROL NUMBER IDENTIFIER |
| control field |
NUST |
| 005 - DATE AND TIME OF LATEST TRANSACTION |
| control field |
20221018153340.0 |
| 006 - FIXED-LENGTH DATA ELEMENTS--ADDITIONAL MATERIAL CHARACTERISTICS |
| fixed length control field |
m |o d | |
| 007 - PHYSICAL DESCRIPTION FIXED FIELD--GENERAL INFORMATION |
| fixed length control field |
cr ||||||||||| |
| 008 - FIXED-LENGTH DATA ELEMENTS--GENERAL INFORMATION |
| fixed length control field |
210122s2021 nyu o 000 1 eng |
| 010 ## - LIBRARY OF CONGRESS CONTROL NUMBER |
| LC control number |
2021002598 |
| 020 ## - INTERNATIONAL STANDARD BOOK NUMBER |
| International Standard Book Number |
9781982173630 |
| Qualifying information |
(ebook) |
| 020 ## - INTERNATIONAL STANDARD BOOK NUMBER |
| Canceled/invalid ISBN |
9781982173616 |
| Qualifying information |
(hardback) |
| 020 ## - INTERNATIONAL STANDARD BOOK NUMBER |
| Canceled/invalid ISBN |
9781982173623 |
| Qualifying information |
(paperback) |
| 038 ## - RECORD CONTENT LICENSOR |
| Staff Name |
Azhar |
| 040 ## - CATALOGING SOURCE |
| Original cataloging agency |
DLC |
| Language of cataloging |
eng |
| Transcribing agency |
DLC |
| Description conventions |
rda |
| 042 ## - AUTHENTICATION CODE |
| Authentication code |
pcc |
| 050 00 - LIBRARY OF CONGRESS CALL NUMBER |
| Classification number |
PS3561.I483 |
| 082 00 - DEWEY DECIMAL CLASSIFICATION NUMBER |
| Classification number |
813.54 |
| Edition number |
23 |
| Author Mark |
KIN |
| 100 1# - MAIN ENTRY--PERSONAL NAME |
| Personal name |
King, Stephen, |
| Dates associated with a name |
1947- |
| Relator term |
author. |
| 9 (RLIN) |
7636 |
| 245 10 - TITLE STATEMENT |
| Title |
Billy Summers : |
| Remainder of title |
a novel |
| Statement of responsibility, etc. |
Stephen King. |
| 250 ## - EDITION STATEMENT |
| Edition statement |
First Scribner hardcover edition. |
| 260 ## - PUBLICATION, DISTRIBUTION, ETC. |
| Place of publication, distribution, etc. |
New York : |
| Name of publisher, distributor, etc. |
Scribner, |
| Date of publication, distribution, etc. |
2021. |
| 263 ## - PROJECTED PUBLICATION DATE |
| Projected publication date |
2108 |
| 300 ## - PHYSICAL DESCRIPTION |
| Extent |
517p |
| 336 ## - CONTENT TYPE |
| Content type term |
text |
| Content type code |
txt |
| Source |
rdacontent |
| 337 ## - MEDIA TYPE |
| Media type term |
computer |
| Media type code |
c |
| Source |
rdamedia |
| 338 ## - CARRIER TYPE |
| Carrier type term |
online resource |
| Carrier type code |
cr |
| Source |
rdacarrier |
| 520 ## - SUMMARY, ETC. |
| Summary, etc. |
"When Billy Summers was twelve years old, He shot and killed his mother's boyfriend after he kicked Billy's sister to death. At 17, he enlisted in the army. At 18, he was a sniper in Iraq and involved in the deadly battle to recapture Fallujah. For nearly twenty years, he's worked as a paid assassin. He's a good guy in a bad job, and he wants out. He takes on a very complicated, very lucrative job that he hopes will be his last. He's got a perfect new identity lined up and a scrupulously orchestrated, flawless escape plan. And then something happens that changes everything for Billy. A stranger needs rescuing, and Billy sacrifices the safety of his own perfectly devised new life to offer her protection. And then the two of them-the most compelling and surprising duo in King fiction-set out on one last mission, to rectify the injustices of one extraordinarily evil man"-- |
| Assigning source |
Provided by publisher. |
| 563 ## - BINDING INFORMATION |
| Binding note |
HB |
| 588 ## - SOURCE OF DESCRIPTION NOTE |
| Source of description note |
Description based on print version record and CIP data provided by publisher; resource not viewed. |
| 655 #7 - INDEX TERM--GENRE/FORM |
| Genre/form data or focus term |
Suspense fiction. |
| Source of term |
gsafd |
| 776 08 - ADDITIONAL PHYSICAL FORM ENTRY |
| Relationship information |
Print version: |
| Main entry heading |
King, Stephen, 1947- |
| Title |
Billy Summers |
| Edition |
First Scribner hardcover edition. |
| Place, publisher, and date of publication |
New York : Scribner, 2021. |
| International Standard Book Number |
9781982173616 |
| Record control number |
(DLC) 2021002597 |
| 906 ## - LOCAL DATA ELEMENT F, LDF (RLIN) |
| a |
7 |
| b |
cbc |
| c |
orignew |
| d |
1 |
| e |
ecip |
| f |
20 |
| g |
y-gencatlg |
| 942 ## - ADDED ENTRY ELEMENTS (KOHA) |
| Source of classification or shelving scheme |
|
| Koha item type |
Lincoln Corner |